Is banking a natural monopoly?

Rozbor argumentov o bankovníctve ako prirodzenom monopole. Výnosy z držby rezerv a diverzifikácie aktív nie sú dostatočne vysoké na vznik prirodzeného monopolu. Záver, že bankovníctvo nie je prirodzený monopol, je podopretý dôkazmi z historických bankových systémov a značným objemom emprických údajo...

Ausführliche Beschreibung

Gespeichert in:
Bibliographische Detailangaben
1. Verfasser: Dowd, K.
Format: Buchkapitel
Sprache:Englisch
Schlagworte:
Tags: Tag hinzufügen
Keine Tags, Fügen Sie das erste Tag hinzu!

MARC

LEADER 00000naa a2200000 4500
001 r010913
005 20221130113105.8
041 0 |a eng 
044 |a CH 
245 1 0 |a Is banking a natural monopoly?  |c K. Dowd 
520 |a Rozbor argumentov o bankovníctve ako prirodzenom monopole. Výnosy z držby rezerv a diverzifikácie aktív nie sú dostatočne vysoké na vznik prirodzeného monopolu. Záver, že bankovníctvo nie je prirodzený monopol, je podopretý dôkazmi z historických bankových systémov a značným objemom emprických údajov o výnosoch bankovníctva. 
610 2 0 |a bankovníctvo 
610 2 0 |a monopoly 
610 2 0 |a aktíva 
610 2 0 |a sústava banková 
100 1 |a Dowd, K.